| 000 | 00783nam a22002057a 4500 | ||
|---|---|---|---|
| 008 | 090313t xxu||||| |||| 00| 0 eng d | ||
| 010 | _aENG-93207 | ||
| 020 |
_a9788190732444 _c65.00 |
||
| 035 | _aEN-76740 | ||
| 037 | _bDBAD / PUB | ||
| 040 |
_adpl _bEnglish |
||
| 082 | _a954.31 | ||
| 100 | _aPalani, M. | ||
| 245 |
_aMadras provincial congress politics, 1900-1930 / _cby M. Palani |
||
| 260 |
_aChennai _bRani Publication _c2008 |
||
| 270 |
_a2, Shaloum Cottage, Thiruthangal Avenue, Selavoyal _bChennai _e51 |
||
| 300 |
_a100p. _c21cm (pbk) |
||
| 942 |
_2ddc _cEN _mPAL _h954.31 |
||
| 999 |
_c25202 _d25202 |
||